| 000 | 01084cab a2200325 4500 | ||
|---|---|---|---|
| 001 | ABS51978 | ||
| 008 | 090401t1995 xxu||||| |||| 00| 0 eng d | ||
| 035 | _a(Sirsi) u53594 | ||
| 041 | _aeng | ||
| 100 | _aSimmons, M. | ||
| 245 | _aPlanning for office development: a strategic approach | ||
| 260 | _c1995 | ||
| 350 | _a0 | ||
| 490 |
_aProperty Review _v4(7) December 1994/January 1995, 213-216(4) |
||
| 520 | _aThe chief planner of the London Planning Advisory Committee explains the thinking behind the proposed revised regional guidance for London. Considers the capacity for office space over the next five and related transport needs. | ||
| 650 | _aEMPLOYMENT | ||
| 650 | _aFORECASTS | ||
| 650 | _aLONDON PLANNING ADVISORY COMMITTEE | ||
| 650 | _aLONDON | ||
| 650 | _aOFFICE DEVELOPMENT | ||
| 650 | _aOFFICE SPACE | ||
| 650 | _aOFFICES | ||
| 650 | _aRPG3 | ||
| 650 | _aSTRATEGIC PLANNING GUIDANCE | ||
| 650 | _aSUPPLY AND DEMAND | ||
| 690 | _aPROPERTY-COMMERCIAL PROPERTY | ||
| 690 | _aPLANNING LAW AND PRACTICE | ||
| 942 | _n0 | ||
| 948 | _c04/03/1997 | ||
| 999 |
_c33017 _d33017 |
||